'Family' Titled TV Quiz Stats

 Plays Quiz Updated Jan 24, 2015

Also try: TV Shows by Plot
Challenge
Share
Tweet
Embed
Score 0/20 Timer 05:00
0 Plays Today
% Correct
Family Guy
95.4%
Family Feud
95.1%
Gene Simmons: Family Jewels
91.9%
The First Family
84.4%
The Partridge Family
84.2%
Family Matters
83.4%
Braxton Family Values
82.9%
Nuclear Family
82.3%
The Addams Family
81.9%
Modern Family
79.3%
% Correct
Swiss Family Robinson
77.7%
Family Ties
77.1%
Family Law
76.6%
All In the Family
76.3%
No Ordinary Family
69.6%
Mama's Family
68.6%
The Proud Family
62.3%
Family Affair
60.5%
Savage Family Diggers
53.4%
The Hogan Family
49.6%

You're not logged in!

Compare scores with friends on all Sporcle quizzes.
OR
Log In

You Might Also Like...

Show Comments

Extras

Top Quizzes Today


Score Distribution

Your Account Isn't Verified!

In order to create a playlist on Sporcle, you need to verify the email address you used during registration. Go to your Sporcle Settings to finish the process.

Report this User

Report this user for behavior that violates our Community Guidelines.

Details: